The earthwise herbal : a complete guide to Old World medicinal plants

Bibliographic Details
Main Author: Wood, Matthew
Format: Book
Published: Berkeley : North Atlantic Books , 2008
Subjects:

MARC

LEADER 00000cam a2200000 7i4500
001 0000123748
005 20080915.0
020 |a 9781556436925 
090 0 0 |a 615.321   |b WOO 
100 1 |a Wood, Matthew 
245 1 4 |a The earthwise herbal :   |b a complete guide to Old World medicinal plants   |c Matthew Wood 
260 |a Berkeley :   |b North Atlantic Books ,   |c 2008 
300 |a 571p. ;   |c 23cm. 
650 0 0 |a Medicine, herbal 
650 0 0 |a Phytotheraphy   |x Methods 
650 0 0 |a Plants, Medicinal 
650 0 0 |a Western World 
999 |a 00218978   |b BUKU   |c RUJUKAN   |e PERPUSTAKAAN KOMUNITI PETALING JAYA